[Event "AUTO-INT-2782"]
[Site "http://www.queenalice.com/game.php?id=1291541"]
[Date "2014.6.30"]
[Round "2"]
[White "Marcelo_Smilov"]
[Black "toomchess"]
[Result "1/2-1/2"]
[WhiteElo "2092"]
[BlackElo "2125"]

1. d4 Nf6 2. c4 e6 3. Nc3 Bb4 4. Qc2 c5 5. e3 cxd4 6. exd4 Nc6 7. Nf3 d5 8. cxd5
exd5 9. Bb5 Ne4 10. Bd2 Nxd2 11. Qxd2 O-O 12. O-O Bg4 13. Bxc6 Bxf3 14. Bxb7 Rb8
15. Ba6 Rb6 16. Bd3 Bxc3 17. Qxc3 Qg5 18. Bxh7+ Kxh7 19. Qxf3 Rxb2 20. h3 Rb6
21. Qd3+ Rg6 22. g3 f5 23. Kg2 f4 24. Rae1 Kh8 25. Re5 Qf6 26. g4 f3+ 27. Kg1
Rh6 28. Rf5 Qd6 29. Rxf3 Rf4 30. Re1 Rhf6 31. Re8+ Rf8 32. Rxf8+ Qxf8 33. Kg2
Qf6 34. Rxf4 Qxf4 35. Qe3 Qf7 36. Qe5 Kg8 37. Kg3 Kh8 38. f4 a5 39. h4 a4 40. f5
Qd7 41. g5 Qb5 42. Kg4 Kg8 43. g6 a3 44. Qe7 Qb8 45. Qe6+ Kh8 46. Qxd5 Qg3+ 47.
Kxg3 1/2-1/2

[Event "AUTO-INT-2782"]
[Site "http://www.queenalice.com/game.php?id=1291544"]
[Date "2014.6.30"]
[Round "2"]
[White "areis"]
[Black "Marcelo_Smilov"]
[Result "1/2-1/2"]
[WhiteElo "2059"]
[BlackElo "2091"]

1. d4 e6 2. e4 d5 3. exd5 exd5 4. Nf3 Nf6 5. Bf4 Bd6 6. Bxd6 Qxd6 7. Nbd2 O-O 8.
Be2 Bf5 9. O-O Re8 10. Re1 c6 11. c3 Nbd7 12. Nf1 Bg4 13. h3 Bxf3 14. Bxf3 Nb6
15. Qc2 Nc4 16. Nd2 Nxd2 17. Qxd2 h6 18. Rxe8+ Rxe8 19. Re1 Kf8 20. Rxe8+ Kxe8
21. Qe3+ Qe7 22. Kf1 Qxe3 23. fxe3 Ke7 24. Ke2 Ke6 25. g4 g5 26. Kd3 Nd7 27. e4
Nb6 28. exd5+ Nxd5 29. Bxd5+ cxd5 30. c4 a6 31. b4 Kd6 32. a4 b6 33. c5+ Kc6 34.
Ke3 1/2-1/2

[Event "AUTO-INT-2782"]
[Site "http://www.queenalice.com/game.php?id=1291545"]
[Date "2014.6.30"]
[Round "2"]
[White "Marcelo_Smilov"]
[Black "areis"]
[Result "1-0"]
[WhiteElo "2067"]
[BlackElo "2060"]

1. d4 Nf6 2. c4 g6 3. Nc3 c6 4. Nf3 d6 5. Bg5 Bg7 6. Qd2 Bg4 7. h3 Bxf3 8. exf3
Nbd7 9. Bd3 O-O 10. O-O Qc7 11. Rfe1 e5 12. dxe5 Nxe5 13. Bf4 Rfe8 14. Bxe5 dxe5
15. Rad1 Rad8 16. Qc2 Rd7 17. b4 Red8 18. Ne4 Nxe4 19. Bxe4 Rxd1 20. Rxd1 Rd6
21. c5 Rd7 22. a4 Qd8 23. Rxd7 Qxd7 24. Qd3 Qxd3 25. Bxd3 Kf8 26. Kf1 Ke7 27.
Ke2 f5 28. g4 f4 29. Be4 Kd7 30. Kd3 Bf6 31. b5 Kc7 32. Kd2 Be7 33. bxc6 bxc6
34. Ke2 Bxc5 35. h4 Be7 36. h5 gxh5 37. Bxh7 hxg4 38. fxg4 Kb6 39. Be4 c5 40.
Kd3 Ka5 41. Bc6 Kb6 42. Bb5 a6 43. Bc4 Ka5 44. Ke4 Bf6 45. Kd5 Kb6 46. Ke6 Bh8
47. g5 e4 48. Kf7 a5 49. g6 Kc7 50. g7 Bxg7 51. Kxg7 Kd6 52. Kf6 e3 53. f3 e2
54. Bxe2 1-0

[Event "AUTO-INT-2782"]
[Site "http://www.queenalice.com/game.php?id=1291548"]
[Date "2014.6.30"]
[Round "2"]
[White "Marcelo_Smilov"]
[Black "renet54"]
[Result "1-0"]
[WhiteElo "2065"]
[BlackElo "1657"]

1. d4 d5 2. c4 Nf6 3. Nc3 dxc4 4. e4 c6 5. Bxc4 e6 6. Nf3 Be7 7. O-O b5 8. Bd3
b4 9. Ne2 O-O 10. Qc2 Nbd7 11. e5 Ne4 12. Bxe4 Qc7 13. Bxh7+ Kh8 14. Be4 Bb7 15.
b3 Ba6 16. Rd1 Rad8 17. Nf4 Qb6 18. Be3 Rc8 19. d5 Qb5 20. dxc6 Nc5 21. Bxc5
Bxc5 22. Rd2 g6 23. Rad1 Qb6 24. Ng5 f6 25. exf6 Rxf6 26. Nxg6+ Kg7 27. Rd7+ Kg8
28. Ne7+ Kf8 29. Nh7+ Kg7 30. Nxc8+ Kh6 31. Nxb6 Bxb6 32. Nxf6 e5 33. Bh7 Bc8
34. Qg6# 1-0

[Event "AUTO-INT-2782"]
[Site "http://www.queenalice.com/game.php?id=1291549"]
[Date "2014.6.30"]
[Round "2"]
[White "renet54"]
[Black "Marcelo_Smilov"]
[Result "0-1"]
[WhiteElo "1659"]
[BlackElo "2054"]

1. e4 e6 2. d4 d5 3. Nf3 dxe4 4. Ne5 Nf6 5. a3 Nbd7 6. Bb5 c6 7. Nxf7 Kxf7 8.
Bc4 Bd6 9. Nc3 Rf8 10. Bg5 h6 11. Bxf6 Nxf6 12. Qe2 b5 13. Bd3 exd3 14. Qxd3 Kg8
15. O-O-O Nd5 16. Rhe1 Rxf2 17. Ne4 Bf4+ 18. Kb1 Rxg2 19. Nc5 Qd6 20. c4 bxc4
21. Qxc4 Ne3 22. Rxe3 Bxe3 23. Rf1 Qxd4 24. Qb3 Qxc5 25. Rf3 Bd4 26. Rd3 Rxb2+
27. Qxb2 Bxb2 28. Kxb2 Rb8+ 29. Ka2 Qc2+ 30. Ka1 Qb2# 0-1

[Event "AUTO-OPEN-3191"]
[Site "http://www.queenalice.com/game.php?id=1292970"]
[Date "2014.7.7"]
[Round "2"]
[White "Abstro"]
[Black "Marcelo_Smilov"]
[Result "0-1"]
[WhiteElo "1869"]
[BlackElo "2056"]

1. d4 e6 2. c4 d5 3. e3 Nf6 4. a3 Nc6 5. Nc3 Be7 6. b4 dxc4 7. Bxc4 a6 8. Nge2
b5 9. Bb3 Bb7 10. O-O O-O 11. Bb2 h6 12. Qc2 Re8 13. Rad1 a5 14. Nxb5 axb4 15.
axb4 Bxb4 16. Rfe1 Bxe1 0-1

[Event "AUTO-OPEN-3191"]
[Site "http://www.queenalice.com/game.php?id=1292971"]
[Date "2014.7.7"]
[Round "2"]
[White "Marcelo_Smilov"]
[Black "Abstro"]
[Result "0-1"]
[WhiteElo "2098"]
[BlackElo "1940"]

1. d4 d5 2. c4 e6 3. Nc3 Nf6 4. Bg5 Nbd7 5. Nf3 Be7 6. e3 c6 7. cxd5 exd5 8. Bd3
h6 9. Bxf6 Bxf6 10. O-O O-O 11. Rc1 b5 12. Ne2 Bb7 13. Qb3 a5 14. a4 b4 15. h3
Rc8 16. Rfe1 Rc7 17. Bf5 Nb6 18. Nd2 Ba6 19. Bd3 Bxd3 20. Qxd3 Nxa4 21. b3 Nb6
22. Ra1 Ra7 23. Rec1 Qd6 24. Nf4 Bd8 25. Nf3 Nd7 26. Qd2 f5 27. Nd3 Bb6 28. Nfe5
Nxe5 29. Nxe5 Rc8 30. Qc2 Qe6 31. Ra2 Rac7 32. Qe2 c5 33. Rac2 Ba7 34. Qb5 Qb6
35. Qxb6 Bxb6 36. dxc5 Rxc5 37. Rxc5 Rxc5 38. Rxc5 Bxc5 39. Nc6 a4 40. Nxb4 Bxb4
41. bxa4 Kf7 42. Kf1 g5 43. Ke2 Ke6 44. Kd3 Ke5 45. g3 f4 46. g4 Bc5 47. a5 d4
48. exd4+ Bxd4 49. f3 Kd5 50. a6 Ba7 51. Kc3 Kc5 52. Kd3 Kd5 53. Kc3 Bc5 54. Kd3
Bb6 55. Kc3 Kc5 56. Kd3 Kb5 57. Ke4 Kc4 58. Kf5 Kd4 59. Kg6 Ke3 60. Kxh6 Kxf3
61. Kxg5 Kg3 62. h4 f3 63. h5 f2 0-1

[Event "AUTO-OPEN-3191"]
[Site "http://www.queenalice.com/game.php?id=1292978"]
[Date "2014.7.7"]
[Round "2"]
[White "duschgel"]
[Black "Marcelo_Smilov"]
[Result "0-1"]
[WhiteElo "2079"]
[BlackElo "2080"]

1. c4 e6 2. g3 d5 3. Bg2 Nf6 4. Nf3 Nc6 5. cxd5 exd5 6. O-O Bc5 7. d4 Bd6 8. Bg5
O-O 9. Ne5 Bxe5 10. dxe5 Nxe5 11. Bxf6 Qxf6 12. Nc3 c6 13. e4 dxe4 14. Nxe4 Qe7
15. Re1 Qb4 16. Nd6 Be6 17. a3 Qxb2 18. Rb1 Qxa3 19. Rxe5 Rfd8 20. Rxb7 Rxd6 21.
Qb1 g6 22. Re3 Qc5 23. Re2 a5 24. Rc2 Qd4 25. Bxc6 Rad8 26. Rc1 Rxc6 27. Rxc6
Qd1+ 28. Qxd1 Rxd1+ 0-1

[Event "AUTO-OPEN-3191"]
[Site "http://www.queenalice.com/game.php?id=1292979"]
[Date "2014.7.7"]
[Round "2"]
[White "Marcelo_Smilov"]
[Black "duschgel"]
[Result "0-1"]
[WhiteElo "2083"]
[BlackElo "2062"]

1. d4 Nf6 2. c4 g6 3. Nc3 d5 4. Nf3 Bg7 5. Bg5 dxc4 6. e4 Bg4 7. d5 O-O 8. Bxc4
c6 9. Bxf6 Bxf6 10. O-O Qa5 11. Rc1 Rd8 12. a3 Nd7 13. dxc6 Ne5 14. cxb7 Rab8
15. Qe2 Nxf3+ 16. gxf3 Bh3 17. f4 Bxf1 18. Kxf1 Rxb7 19. Nd5 Rxd5 20. Bxd5 Rxb2
21. Qc4 Qd2 22. Qc5 Bh4 23. Qxa7 Qxc1+ 0-1

[Event "AUTO-OPEN-3223"]
[Site "http://www.queenalice.com/game.php?id=1310654"]
[Date "2014.9.26"]
[Round "2"]
[White "Snoopy_GM"]
[Black "Marcelo_Smilov"]
[Result "1/2-1/2"]
[WhiteElo "1902"]
[BlackElo "2076"]

1. d4 e6 2. c4 d5 3. Nc3 Nf6 4. cxd5 exd5 5. Bg5 Bb4 6. a3 Bxc3+ 7. bxc3 Bf5 8.
Nf3 O-O 9. e3 c6 10. Bd3 Bxd3 11. Qxd3 h6 12. Bh4 Nbd7 13. O-O Qa5 14. Bxf6 Nxf6
15. c4 dxc4 16. Qxc4 Qd5 17. Qxd5 Nxd5 18. a4 b6 19. Ne5 f6 20. Ng6 Rfe8 21.
Rfc1 Rac8 22. h3 Kf7 23. Nh4 Rc7 24. Nf5 Rd8 25. Rc4 Ne7 26. Nxe7 Kxe7 27. Rac1
Rdc8 28. d5 Kd6 29. dxc6 Rxc6 30. Rd4+ Ke7 31. Re4+ Kf7 32. Rd1 Rc1 33. Rd4
1/2-1/2

[Event "AUTO-OPEN-3223"]
[Site "http://www.queenalice.com/game.php?id=1310655"]
[Date "2014.9.26"]
[Round "2"]
[White "Marcelo_Smilov"]
[Black "Snoopy_GM"]
[Result "1/2-1/2"]
[WhiteElo "2069"]
[BlackElo "1887"]

1. d4 d5 2. c4 c6 3. Nc3 Nf6 4. Nf3 e6 5. Bg5 Be7 6. e3 h6 7. Bf4 O-O 8. cxd5
cxd5 9. Bd3 Nc6 10. a3 a6 11. O-O Bd6 12. Bxd6 Qxd6 13. Rc1 Bd7 14. Qb3 Na5 15.
Qd1 Nc6 16. Qd2 e5 17. dxe5 Nxe5 18. Nxe5 Qxe5 19. Rfd1 Rad8 20. h3 Bc6 21. Qc2
Qg5 22. f3 Qxe3+ 23. Qf2 Qxf2+ 24. Kxf2 Rfe8 25. Re1 Rxe1 26. Rxe1 Re8 27. Rxe8+
Nxe8 28. Ke3 Nf6 29. b4 Nd7 30. g3 Ne5 31. f4 Nxd3 32. Kxd3 f5 33. Kd4 Kf7 34.
Nxd5 Ke6 35. Ne3 h5 36. Nc4 Bb5 37. Ne5 Bf1 38. h4 Bg2 39. Kc5 Ke7 40. a4 Ke6
41. a5 Ke7 42. Kb6 Kd6 43. Nc4+ Kd7 44. Kc5 Bh1 1/2-1/2

[Event "AUTO-OPEN-3223"]
[Site "http://www.queenalice.com/game.php?id=1310660"]
[Date "2014.9.26"]
[Round "2"]
[White "Marcelo_Smilov"]
[Black "phystutordotcom"]
[Result "0-1"]
[WhiteElo "2062"]
[BlackElo "2583"]

1. d4 d6 2. c4 e5 3. dxe5 dxe5 4. Qxd8+ Kxd8 5. e4 Be6 6. Nf3 Bb4+ 7. Bd2 Bxd2+
8. Nbxd2 f6 9. Be2 Ne7 10. b3 Nd7 11. Rd1 Nc6 12. a3 a5 13. Nb1 Kc8 14. Nc3 b6
15. O-O Kb7 16. Rd2 Nc5 0-1

[Event "AUTO-OPEN-3223"]
[Site "http://www.queenalice.com/game.php?id=1310661"]
[Date "2014.9.26"]
[Round "2"]
[White "phystutordotcom"]
[Black "Marcelo_Smilov"]
[Result "1-0"]
[WhiteElo "2584"]
[BlackElo "2060"]

1. Nf3 e6 2. g3 d5 3. Bg2 c5 4. d3 Nc6 5. Nbd2 Nf6 6. e4 Be7 7. O-O O-O 8. Re1
dxe4 9. dxe4 b6 10. e5 Nd5 11. Qe2 Bb7 12. a3 Qc7 13. c4 Rfd8 14. cxd5 exd5 15.
Nb1 d4 16. Bf4 Qd7 17. e6 1-0